| 000 | 005420000a22002170004500 | ||
|---|---|---|---|
| 003 | LK-CoMWRAF | ||
| 005 | 20230905002318.0 | ||
| 008 | 230817t2005 ||||| |||| 00| 0 eng d | ||
| 020 | _a0007190689 | ||
| 040 |
_aLK-CoMWRAF _dLK-CoMWRAF _eLK-CoMWRAF |
||
| 041 | _aeng | ||
| 082 |
_a823 _bCHR |
||
| 100 | _aChristie, Agatha | ||
| 245 | _aThe Complete ariadne aliver | ||
| 250 | _aFirst Edition | ||
| 260 |
_aLondon : _bHarper collins publishers, _c2005 |
||
| 300 | _a727p | ||
| 490 | _aVolume 2 | ||
| 650 | _aShort Stories | ||
| 942 | _cBK | ||
| 999 |
_c2440 _d2440 |
||